000 00878cad a22002055a 4500
001 L154645
008 120109e20111231xxk 000 0 eng d
035 _a(Sirsi) u154645
041 0 _aeng
110 2 _aHalifax
_95942
245 0 0 _aWoking is UK's top house price performer in 2011
_h[electronic resource]
260 _c2011
490 _aHalifax Press Release
_v31 December 2011
520 _aThe Halifax 2011 Town House Price Survey of the UK reveals that Woking recorded the biggest rise in house prices amongst 130 major UK towns and cities surveyed.
590 _aKA
651 4 _aUNITED KINGDOM
690 _aPROPERTY-RESIDENTIAL PROPERTY-RESIDENTIAL PROPERTY MARKET
856 4 0 _uhttps://www.lloydsbankinggroup.com/media/pdfs/halifax/2011/311211Woking_UKs_top_house_price_performer.pdf
_zView this item free of charge at www.lloydsbankinggroup.com
942 _n0
999 _c83698
_d83698